000 00412nam a2200133Ia 4500
008 230411s9999 xx 000 0 und d
041 _aeng
082 _aMS/610.73677/BLA/HAW/B06684
100 _aBlack Joyce M & Hawks Jane H
245 _aMedical Surgical Nursing : Clinical management for positive outcomes : Volume 1
260 _bElsevier
_aNew Delhi
_c2000
300 _a1368p
999 _c157050
_d157050